000 01879nam a2200493 i 4500
001 7323
003 KOSZ 005
005 20200422074415.0
008 071017s1971 pl a |000 0 pol
015 _aUWD 1971/9964
035 _a991037414219705066
035 _a(PL-WaBN)b20033898-48omnis_nlop
035 _ab20033898
035 _a(OCoLC)839004453
035 _a(PL)b0000002003389
035 _a(EXLNZ-48OMNIS_NETWORK)9910366813005606
040 _aWA N
_cWA N
_dKOSZ 005/AR
041 _apol
044 _apl
046 _k1971
080 _a002
080 _a658
080 _a62
100 1 _aTempczyk, Marian
_eAutor
245 1 0 _aAnaliza zainteresowań służb organizatorskich w przedsiębiorstwach i zjednoczeniach :
_bramowy zakres tematów informacyjnych /
_cMarian Tempczyk.
260 _aWarszawa :
_bCentralny Instytut Informacji Naukowo-Technicznej i Ekonomicznej,
_c1971.
300 _a62 strony :
_bilustracje ;
_c23 cm.
336 _aTekst
_btxt
_2rdacontent
337 _aBez urządzenia pośredniczącego
_bn
_2rdamedia
338 _aWolumin
_bnc
_2rdacarrier
380 _aKsiążki
388 _a1901-2000
388 _a1945-1989
490 1 _aPrace, Studia, Przyczynki / Centralny Instytut Informacji Naukowo-Technicznej i Ekonomicznej ;
_v2 (71)
546 _aStreszczenie angielskie, francuskie, rosyjskie.
650 7 _aInformacja naukowa
_2DBN
650 7 _aPrzedsiębiorstwo
_2DBN
658 _aZarządzanie i marketing
710 _aCentralny Instytut Informacji Naukowo-Technicznej i Ekonomicznej
_4pbl
830 0 _aPrace, Studia, Przyczynki - Centralny Instytut Informacji Naukowo-Technicznej i Ekonomicznej
_v2 (71)
856 _uhttp://koha.tu.koszalin.pl/cgi-bin/koha/opac-detail.pl?biblionumber=7323
_yKatalog online BPK
942 _2UKD
_cKS
999 _c7323
_d7323